000 00837nam a2200253 i 4500
001 18024
003 ES-MaACL
005 20230906151736.0
007 t|
008 010801s2000 sp ||||0| spa d
020 _a84-8191-312-X
080 _a929 Martínez Sierra, Gregorio
080 _a929 Martínez Sierra, María
100 1 _aMartínez Sierra, María,
_d1874-1974
_978430
245 1 0 _aGregorio y yo
_b: medio siglo de colaboración /
_cMaría Martínez Sierra ; edición de Alda Blanco.
260 _aValencia :
_bPre-Textos,
_c[2000]
300 _a394 p. ;
_c19 cm.
500 _aEn el lomo: 448.
600 1 4 _aMartínez Sierra, Gregorio,
_d1881-1947
_978429
600 1 4 _aMartínez Sierra, María,
_d1874-1974
_978430
700 1 _aBlanco, Alda.
_929167
852 4 _aES-MaACL
_jL-24759
999 _c18024
_d18024